Retarded Functional Differential Equations (Record no. 13683)

MARC details
000 -LEADER
fixed length control field 00214nam a22000977a 4500
100 ## - MAIN ENTRY--AUTHOR NAME
Personal name Mohammad S.E.A
245 ## - TITLE STATEMENT
Title Retarded Functional Differential Equations
260 ## - PUBLICATION, DISTRIBUTION, ETC. (IMPRINT)
Place of publication London
Year of publication 1978
300 ## - PHYSICAL DESCRIPTION
Number of Pages 147
942 ## - ADDED ENTRY ELEMENTS (KOHA)
Koha item type Books
Holdings
Withdrawn status Lost status Home library Current library Date acquired Cost, normal purchase price Accession Number Koha item type
    Seminar Library, Mathematics & Statis. Seminar Library, Mathematics & Statis. 10/08/2015 231.00 10466 Books